000 00444nam a2200181Ia 4500
001 23150
005 20260414150918.0
008 260414t2013||||xx |||||||||||||| ||spa||
041 _aESP
082 _a624.2
_bB24
100 _aBarker, Richard M.
_eAUT
245 0 _aDesign of highway bridges :
_ban LRFD approach
260 _c2013
300 _axvi, 528 páginas :
_c28 cm.
650 _a0
654 _aCIC
942 _cLIB
_dJUS
_fJUS
_2ddc
_n
999 _c23150
_d23150